000 00878nam a2200217Ii 4500
003 JO-AjNU
008 230605s9999||||xx |||||||||||||| ||und||
017 _a2005/10232
040 _aJO-AjNU
_bara
_erda
_cJO-AjNU
041 _aara
050 1 4 _aHG4026.H566 2009
100 3 _aهندي، منير ابراهيم,
_eauthor
_944013
245 0 0 _aادارة المخاطر باستخدام التوريق والمشتقات: التوريق، ج1
264 3 1 _aالاسكندرية: المكتب العربي الحديث، 2009
300 _aج1 ، 530ص
_bيحتوي على ببلوغرافية من 515-530ص
336 _atext
_btxt
_2rdacontent
337 _aunmediated
_bn
_2rdamedia
338 _avolume
_bnc
_2rdacarrier
490 0 _aسلسلة الفكر الحديث في الهندسة المالية؛1
650 4 _aالتوريق-دارة الازمات
_944014
999 _aA18967
_c22535
_d22535